| 000 | 00545nam a2200193Ia 4500 | ||
|---|---|---|---|
| 003 | GCL | ||
| 008 | 140319s9999 xx 000 0 eng d | ||
| 040 |
_aGCL / _cGCL |
||
| 082 | 0 | 4 |
_aCC _b932 _bA T |
| 100 | 1 | _aASSOCIATION FRANCAISE D'ACTION ARTISTIQU | |
| 245 | 1 | 0 |
_aTNAIS, L'OR DES PHARAONS / _cASSOCIATION FRANCAISE D'ACTION ARTISTIQU |
| 260 |
_a[S.N] : _bMINISTE'RE DES AFFAIRES E'TRANGE'RES ، _c1987 |
||
| 300 | _a280 | ||
| 650 | 0 | 4 | _aEGYPT |
| 650 | 0 | 4 | _aANCIENT EGYPT |
| 650 | 0 | 4 | _aHISTORY |
| 650 | 0 | 4 | _aARCHAEOLOGY |
| 942 |
_2ddc _cBK |
||
| 999 |
_c15792 _d15792 |
||